000 00323nam a22001457a 4500
008 221110b ||||| |||| 00| 0 eng d
020 _a9780415419734
041 _aeng
080 _2SECOND EDITION
_a159.9
082 _a159.9 HAM
100 _a25
101 _aPSI
245 _aDEPRESSION
_cHAMMEN C
942 _2udc
_cBK
999 _c58842
_d58842